Changing face of Rural Women in Himachal Himalayas/ (Record no. 188490)

MARC details
000 -LEADER
fixed length control field 00577nam a22001817a 4500
005 - DATE AND TIME OF LATEST TRANSACTION
control field 20220525110350.0
010 ## - LCCN (DPL NO)
LC control number ENG-132802
020 ## - INTERNATIONAL STANDARD BOOK NUMBER
International Standard Book Number 978-9381632-47-5
Terms of availability 700.00
035 ## - SYSTEM CONTROL NUMBER
System control number EN-116334
037 ## - SOURCE OF ACQUISITION
Source of stock number/acquisition DBAD/PUB
082 ## - DEWEY DECIMAL CLASSIFICATION NUMBER
Classification number 305.4095452
100 ## - MAIN ENTRY--PERSONAL NAME
Personal name Sharma Vijay Kumar
245 ## - TITLE STATEMENT
Title Changing face of Rural Women in Himachal Himalayas/
Statement of responsibility, etc Vijay Kumar Sharma
260 ## - PUBLICATION, DISTRIBUTION, ETC. (IMPRINT)
Place of publication, distribution, etc New Delhi
Name of publisher, distributor, etc Satyam Publishing House
Date of publication, distribution, etc 2013
270 ## - ADDRESS
City New Delhi
Address N-3/25, Mohan Garden, Uttam Nagar
Postal code 110059
300 ## - PHYSICAL DESCRIPTION
Extent 188p
Dimensions 22cm(hbk)
942 ## - ADDED ENTRY ELEMENTS (KOHA)
Source of classification or shelving scheme Dewey Decimal Classification
Item type English Books
Classification part 305.4095452
Call number suffix SHA
Holdings
Withdrawn status Lost status Not for loan Collection code Home library Current library Date acquired Source of acquisition Cost, normal purchase price Full call number Barcode Copy number Cost, replacement price Koha item type
      Non-fiction Peshwa Road Peshwa Road 25/05/2022 DBAD/PUB 700.00 305.4095452 SHA EN-116334 1 700.00 English Books

© Delhi Public Library
Hit Counter
free hit counter